2012 Movies by Screenshot - Statistics

General Stats
  • This quiz has been taken 1,257 times
  • The average score is 13 of 16
Answer Stats
Picture Answer % Correct
The Amazing Spider-Man
99%
Ice Age: Continental Drift
97%
The Avengers
97%
The Hunger Games
96%
Madagascar 3: Europe's Most Wanted
95%
Men in Black 3
95%
The Twilight Saga: Breaking Dawn - Part 2
95%
The Dark Knight Rises
94%
Brave
90%
Wreck-It Ralph
90%
The Hobbit: An Unexpected Journey
84%
Life of Pi
76%
Skyfall
68%
Django Unchained
62%
Argo
33%
Zero Dark Thirty
19%
No matching quizzes found
Score Distribution
Percent of People with Each Score
Percentile by Number Answered
Your Score History
You have not taken this quiz